000 00573nam a2200217Ia 4500
003 OSt
005 20221117113237.0
008 210210b2007 xxu||||| |||| 00| 0 eng d
020 _a9788128007118
040 _cAL
041 _aKannada
082 _aK894.3 SUDM
100 _aSUDHA MURTY ಸುಧಾ ಮೂರ್ತಿ
_922337
245 _aMahashwete
_b ಮಹಾಶ್ವೇತೆ
260 _aBengaluru
_bSapna book house
_c2007
300 _a196
650 _aMahashwete
_922338
690 _aKannada Fiction
_922339
906 _a063135
942 _2ddc
_cBK
999 _c134407
_d134407